000 01478nam a2200121Ia 4500
008 220615s9999||||xx |||||||||||||| ||und||
245 4 _aThe Alveolar Epithelium
_bMechanisms of Injury and Repair
546 _aEnglish[eng]
650 _aJAM-A||P2X7 receptor||mouse lung||alveolar epithelium||bleomycin-induced lung injury||GSK-3β||dietary sugar||hyperglycemia||lung mechanics||alveolar septal composition||physical activity||extracellular matrix remodeling||high-altitude pulmonary edema||acute mountain sickness||oxygen diffusion limitation||surfactant protein B||atelectrauma||alveolar fluid||acinar micromechanics||acute lung injury||autophagy||lysosome||lysosomal membrane permeability||mitochondria||pneumocyte||microRNA-21||alveolar micromechanics||structural remodeling||inflammatory signaling||lung||alveolus||type 1 alveolar epithelial cell||type 2 alveolar epithelial cell||focused ion beam scanning electron microscopy||3D reconstruction||carbon dioxide||hypercapnia||Na,K-ATPase||endoplasmic reticulum||sodium transport||protein oxidation||alveolar epithelial cells||pulmonary fibrosis||epithelial cell dysfunction||stem cell exhaustion||pneumonia||necrotizing||regeneration||model||bovine||chlamydia||alveoli||air-blood barrier||epithelium||air-liquid interface||alveolar lining layer||glycocalyx||surfactant||lung injury||lung regeneration
700 _aKasper, Michael||Mühlfeld, Christian
856 _uhttps://mdpi.com/books/pdfview/book/2885
942 _cEB
999 _c13136
_d13136